World's Largest Militaries Quiz Stats

 Plays Quiz Updated Oct 26, 2016

Score 0/26 Timer 05:00
0 Plays Today
Personnel Country % Correct
1,492,200United States
99.7%
2,333,000China
98.9%
845,000Russia
95.6%
222,200France
92.1%
1,325,000India
88.3%
523,000Iran
85.6%
1,190,000North Korea
85.4%
318,480Brazil
83.5%
271,500Iraq
82.9%
643,800South Korea
80.4%
630,000Pakistan
74.5%
438,500Egypt
71.4%
510,600Turkey
61.1%
Personnel Country % Correct
482,000Vietnam
59.4%
250,000Ukraine
57.9%
395,500Indonesia
55.9%
360,850Thailand
46.4%
244,300Syria
43.2%
247,150Japan
42%
466,713Colombia
41.3%
270,250Mexico
41.1%
233,500Saudi Arabia
32%
406,000Myanmar
31.1%
290,000Taiwan
21.3%
210,000South Sudan
10.2%
201,750Eritrea
3.6%

You're not logged in!

Compare scores with friends on all Sporcle quizzes.
OR
Log In

Show Comments

Extras

Top Quizzes Today


Score Distribution

Your Account Isn't Verified!

In order to create a playlist on Sporcle, you need to verify the email address you used during registration. Go to your Sporcle Settings to finish the process.

Report this User

Report this user for behavior that violates our Community Guidelines.

Details: